[Event "CAN-op"]
[Site "Calgary CAN"]
[Date "1996.07.20"]
[Round "9"]
[White "Spraggett, Kevin"]
[Black "Day, Lawrence"]
[Result "1-0"]
[WhiteElo "2600"]
[BlackElo "2431"]
[PlyCount "86"]
[EventDate "1996.07.13"]
[EventType "swiss"]
[EventRounds "10"]
[EventCountry "CAN"]
[SourceDate "2003.08.17"]

1. g3 g6 2. Bg2 Bg7 3. c4 Nc6 4. Nc3 d6 5. d3 Bd7 6. e3 Qc8 7. h3 a6 8. Nge2
Rb8 9. b3 b5 10. Rb1 b4 11. Nd5 Nd8 12. e4 c6 13. Ne3 c5 14. d4 cxd4 15. Nxd4
Nb7 16. h4 Nf6 17. Nd5 Bg4 18. Nxf6+ Bxf6 19. Qd2 Nc5 20. Bb2 Bxd4 21. Bxd4 f6
22. O-O O-O 23. Kh2 Kg7 24. Be3 Kh8 25. f3 Bd7 26. Rfd1 a5 27. Qf2 Rb7 28. g4
Rc7 29. Qg3 Qa6 30. g5 fxg5 31. Bxg5 Rf7 32. e5 Nb7 33. Bxe7 Rxe7 34. exd6 Nxd6
35. Rxd6 Rc6 36. Rbd1 Rxd6 37. Rxd6 Qa7 38. Qg5 Rf7 39. Qe5+ Kg8 40. c5 Kf8 41.
c6 Be8 42. Re6 Re7 43. Qh8+ Kf7 1-0

[Event "CAN-op"]
[Site "Calgary CAN"]
[Date "1996.07.20"]
[Round "9"]
[White "Yoos, John"]
[Black "Haessel, Dale"]
[Result "1-0"]
[WhiteElo "2445"]
[BlackElo "2196"]
[PlyCount "35"]
[EventDate "1996.07.13"]
[EventType "swiss"]
[EventRounds "10"]
[EventCountry "CAN"]
[SourceDate "2003.08.17"]

1. e4 c5 2. Nf3 d6 3. d4 cxd4 4. Nxd4 Nf6 5. Nc3 a6 6. Bg5 e6 7. f4 Qb6 8. Qd2
Qxb2 9. Rb1 Qa3 10. e5 dxe5 11. fxe5 Nfd7 12. Bc4 Qc5 13. Bxe6 fxe6 14. Nxe6
Qxe5+ 15. Qe3 Bd6 16. Ne4 Kf7 17. O-O+ Nf6 18. Bf4 1-0

[Event "CAN-op"]
[Site "Calgary CAN"]
[Date "1996.07.20"]
[Round "9.44"]
[White "Strojevs, Alexander"]
[Black "Litchfield, Gerry"]
[Result "1-0"]
[WhiteElo "1927"]
[BlackElo "1738"]
[PlyCount "41"]
[EventDate "1996.07.13"]
[EventType "swiss"]
[EventRounds "10"]
[EventCountry "CAN"]

1. d4 d6 2. c4 e5 3. e4 exd4 4. Qxd4 Nc6 5. Qd1 g6 6. Nf3 Bg7 7. Be2 Nf6 8. Nc3
O-O 9. Bg5 h6 10. Bh4 g5 11. Bg3 Nh5 12. Qd2 Nxg3 13. fxg3 Be6 14. O-O Qf6 15.
Kh1 Qg6 16. Rad1 Ne5 17. b3 Rfe8 18. Nd4 c6 19. Nf5 Bxf5 20. exf5 Qf6 21. Ne4
1-0

[Event "CAN-op"]
[Site "Calgary CAN"]
[Date "1996.07.21"]
[Round "10"]
[White "Dougherty, Michael"]
[Black "Pitre, Hanniegn"]
[Result "1-0"]
[WhiteElo "2330"]
[BlackElo "2078"]
[PlyCount "65"]
[EventDate "1996.07.13"]
[EventType "swiss"]
[EventRounds "10"]
[EventCountry "CAN"]
[SourceDate "2003.08.17"]

1. e4 c6 2. d4 d5 3. e5 Bf5 4. Nf3 e6 5. Be2 c5 6. O-O Nc6 7. Be3 Qc7 8. Na3
Bg4 9. c4 Bxf3 10. Bxf3 cxd4 11. Nb5 Qd7 12. cxd5 Nxe5 13. Nxd4 Nxf3+ 14. Qxf3
e5 15. Qe4 Bd6 16. Nf5 g6 17. Nxd6+ Qxd6 18. Bc5 Nf6 19. Qe3 Qxd5 20. Rad1 Qe4
21. Qc3 Nd5 22. Qb3 Nf4 23. f3 Qc6 24. Qa3 b6 25. Be3 g5 26. Rfe1 f5 27. Rd6
Qc2 28. Bxf4 gxf4 29. Re6+ Kd8 30. Qe7+ Kc8 31. Qf6 Qc5+ 32. Kh1 Kb7 33. R6xe5
1-0

[Event "CAN-op"]
[Site "Calgary CAN"]
[Date "1996.07.21"]
[Round "10"]
[White "Feng, Jason"]
[Black "Strojevs, Alexander"]
[Result "0-1"]
[WhiteElo "1740"]
[BlackElo "1927"]
[PlyCount "62"]
[EventDate "1996.07.13"]
[EventType "swiss"]
[EventRounds "10"]
[EventCountry "CAN"]

1. e4 c5 2. Nf3 d6 3. c3 Nf6 4. Be2 Nbd7 5. d3 g6 6. O-O Bg7 7. h3 O-O 8. Be3
b6 9. Qd2 Bb7 10. Bh6 c4 11. Bxg7 Kxg7 12. Re1 Qc7 13. Qc2 cxd3 14. Bxd3 Rad8
15. Nbd2 Nc5 16. Re3 Nxd3 17. Qxd3 Rd7 18. Rae1 Rfd8 19. Qc4 Qxc4 20. Nxc4 e6
21. Nxd6 Rxd6 22. e5 Rd1 23. exf6+ Kxf6 24. Nd4 Rxe1+ 25. Rxe1 e5 26. Nb3 Kf5
27. Kh2 h5 28. g4+ hxg4 29. hxg4+ Kf4 30. Kg1 Rh8 31. Kf1 Bf3 0-1

[Event "CAN-op"]
[Site "Calgary CAN"]
[Date "1996.07.21"]
[Round "10"]
[White "Fielding, Gerald"]
[Black "Yoos, John"]
[Result "1/2-1/2"]
[WhiteElo "2059"]
[BlackElo "2445"]
[PlyCount "83"]
[EventDate "1996.07.13"]
[EventType "swiss"]
[EventRounds "10"]
[EventCountry "CAN"]
[SourceDate "2003.08.17"]

1. d4 g6 2. c4 Nf6 3. g3 Bg7 4. Bg2 O-O 5. Nc3 d6 6. Nf3 Nc6 7. O-O a6 8. h3
Rb8 9. e4 Nd7 10. Be3 b5 11. cxb5 axb5 12. Qd2 b4 13. Ne2 Na5 14. Rac1 Ba6 15.
b3 c6 16. Rfd1 Qb6 17. Nf4 Qb5 18. Nd3 Qxd3 19. Qxd3 Bxd3 20. Rxd3 Rfc8 21. Rd2
Rb7 22. Rdc2 Ra8 23. Rd1 Nb8 24. h4 h6 25. e5 Na6 26. exd6 exd6 27. Nd2 d5 28.
Nf3 Nc7 29. Ne5 Rb6 30. Nd7 Rba6 31. Bf1 R6a7 32. Ne5 Ne6 33. Nxc6 Nxc6 34.
Rxc6 Rxa2 35. Bg2 Ra1 36. Rxa1 Rxa1+ 37. Kh2 Ra5 38. Rd6 Nxd4 39. Bxd5 Ne6 40.
Bc4 Bf8 41. Rd7 h5 42. Kg2 1/2-1/2

[Event "CAN-op"]
[Site "Calgary CAN"]
[Date "1996.07.21"]
[Round "10"]
[White "Frialde, Arniel"]
[Black "Daniluk, Jim"]
[Result "1-0"]
[WhiteElo "2312"]
[BlackElo "2160"]
[PlyCount "85"]
[EventDate "1996.07.13"]
[EventType "swiss"]
[EventRounds "10"]
[EventCountry "CAN"]
[SourceDate "2003.08.17"]

1. Nf3 Nf6 2. d4 g6 3. g3 Bg7 4. Bg2 O-O 5. O-O d5 6. c4 c6 7. Nc3 dxc4 8. Ne5
Nbd7 9. Nxc4 Nb6 10. Ne5 Nbd5 11. e4 Nxc3 12. bxc3 Qa5 13. Qb3 Ne8 14. Bg5 Bxe5
15. dxe5 Qxe5 16. Be3 c5 17. Qa3 b6 18. Bf4 Qh5 19. e5 Nc7 20. Bxa8 Nxa8 21. f3
Nc7 22. Rad1 Be6 23. Qc1 Bc4 24. Rf2 Nd5 25. Kg2 Qf5 26. Bh6 Re8 27. Re1 Nc7
28. g4 Qc8 29. Qf4 Bd5 30. Kg3 c4 31. Rd1 Ne6 32. Qe3 Bc6 33. h4 Nc5 34. h5 Qc7
35. Rh2 f6 36. hxg6 hxg6 37. Bf4 g5 38. Bxg5 fxe5 39. Rdh1 Kf7 40. Rh7+ Ke6 41.
R1h6+ Kd7 42. Bxe7 e4+ 43. Bd6+ 1-0

[Event "CAN-op"]
[Site "Calgary CAN"]
[Date "1996.07.21"]
[Round "10"]
[White "Gibney, Eugene"]
[Black "Graves, John"]
[Result "0-1"]
[WhiteElo "2081"]
[BlackElo "2290"]
[PlyCount "74"]
[EventDate "1996.07.13"]
[EventType "swiss"]
[EventRounds "10"]
[EventCountry "CAN"]
[SourceDate "2003.08.17"]

1. e4 c5 2. d4 cxd4 3. c3 dxc3 4. Nxc3 Nc6 5. Nf3 a6 6. Bc4 e6 7. O-O d6 8. Qe2
Be7 9. Rd1 Bd7 10. Bf4 e5 11. Be3 Nf6 12. Rac1 O-O 13. a3 Rc8 14. b4 h6 15. h3
Be6 16. Bxe6 fxe6 17. Qa2 Qd7 18. Bb6 Rfe8 19. Qb3 Bf8 20. a4 Qf7 21. b5 axb5
22. axb5 Nb8 23. Ra1 Nbd7 24. Be3 Nc5 25. Bxc5 Rxc5 26. Ra7 Rec8 27. Na4 Rc1
28. Nb6 R8c3 29. Qa4 Nxe4 30. Qxe4 Rxd1+ 31. Kh2 d5 32. Qg4 Rcc1 33. Ra8 Kh7
34. g3 e4 35. Nd2 Rh1+ 36. Kg2 Qf3+ 37. Qxf3 Rcg1# 0-1

[Event "CAN-op"]
[Site "Calgary CAN"]
[Date "1996.07.21"]
[Round "10"]
[White "Gomboc, Dave"]
[Black "Leblanc, Paul"]
[Result "1-0"]
[WhiteElo "1946"]
[BlackElo "2120"]
[PlyCount "69"]
[EventDate "1996.07.13"]
[EventType "swiss"]
[EventRounds "10"]
[EventCountry "CAN"]
[SourceDate "2003.08.17"]

1. c4 c6 2. Nc3 d5 3. cxd5 cxd5 4. d4 Nf6 5. Nf3 Nc6 6. Bf4 Bf5 7. e3 e6 8. a3
Be7 9. Be2 O-O 10. O-O a6 11. Nh4 Be4 12. Nxe4 Nxe4 13. Nf3 g5 14. Bg3 f5 15.
h3 Nxg3 16. fxg3 Bd6 17. Qe1 Rc8 18. Rc1 Rc7 19. Nd2 Rcf7 20. b4 Qb8 21. Rf3 h5
22. g4 hxg4 23. hxg4 fxg4 24. Rxf7 Bh2+ 25. Kh1 Rxf7 26. Bxg4 Rh7 27. Qe2 Qe8
28. Bh3 Bc7 29. Kg1 e5 30. Qg4 Qe7 31. dxe5 Qxe5 32. Qe6+ Kf8 33. Rf1+ Kg7 34.
Qf7+ Kh6 35. Rf6+ 1-0

[Event "CAN-op"]
[Site "Calgary CAN"]
[Date "1996.07.21"]
[Round "10"]
[White "Haessel, Dale"]
[Black "Fairbairn, Stephen"]
[Result "1-0"]
[WhiteElo "2196"]
[BlackElo "2007"]
[PlyCount "99"]
[EventDate "1996.07.13"]
[EventType "swiss"]
[EventRounds "10"]
[EventCountry "CAN"]
[SourceDate "2003.08.17"]

1. e4 c6 2. d4 d5 3. exd5 cxd5 4. Bd3 Nc6 5. c3 Nf6 6. Bf4 Bg4 7. Qb3 Na5 8.
Qa4+ Bd7 9. Qc2 Qb6 10. Nf3 e6 11. a4 Qb3 12. Qe2 Nc4 13. Bc1 a5 14. Nbd2 Nxd2
15. Nxd2 Qb6 16. O-O Be7 17. Nf3 O-O 18. Ne5 Bc6 19. Bg5 Qd8 20. f4 g6 21. Rfe1
Re8 22. Qe3 Rb8 23. g4 Ne4 24. Bxe7 Qxe7 25. Bxe4 dxe4 26. g5 f5 27. h4 Kg7 28.
Re2 Rg8 29. c4 Kf8 30. Rd2 Rd8 31. b3 Rg7 32. Rad1 Qa3 33. Kf2 Rc7 34. Ke2 Qb4
35. Rh1 Be8 36. Qg3 Rg7 37. Rhd1 Qa3 38. Kf2 Rc7 39. Ke2 Bc6 40. h5 gxh5 41.
Qh3 Kg8 42. d5 exd5 43. Qxf5 Re8 44. g6 h6 45. cxd5 Qxb3 46. dxc6 Rce7 47. Rd8
Qa2+ 48. Ke1 Qb3 49. Rxe8+ Rxe8 50. Qf7+ 1-0

[Event "CAN-op"]
[Site "Calgary CAN"]
[Date "1996.07.21"]
[Round "10"]
[White "Rasmussen, Barry"]
[Black "Huber, Greg"]
[Result "0-1"]
[WhiteElo "2174"]
[BlackElo "2381"]
[PlyCount "64"]
[EventDate "1996.07.13"]
[EventType "swiss"]
[EventRounds "10"]
[EventCountry "CAN"]
[SourceDate "2003.08.17"]

1. e4 c5 2. Nf3 d6 3. d4 cxd4 4. Nxd4 Nf6 5. Nc3 a6 6. Be3 e6 7. Qd2 b5 8. f3
Nbd7 9. O-O-O Bb7 10. g4 h6 11. h4 b4 12. Nce2 d5 13. Rg1 dxe4 14. g5 hxg5 15.
hxg5 exf3 16. Nf4 Ne4 17. Qe1 Qa5 18. g6 Qxa2 19. gxf7+ Kxf7 20. Nb3 Ne5 21.
Ng6 Rh5 22. Nxf8 Rxf8 23. Qxb4 Bc6 24. Qb6 Kg8 25. Bd4 Bd5 26. Bxe5 Rxe5 27.
Qc7 Rg5 28. Bc4 f2 29. Rgf1 Bxc4 30. Qxc4 Nc5 31. Rd6 Re5 32. Rdd1 Rc8 0-1

[Event "CAN-op"]
[Site "Calgary CAN"]
[Date "1996.07.21"]
[Round "10"]
[White "Wu, Adam"]
[Black "Majstorovic, Dan"]
[Result "0-1"]
[WhiteElo "2126"]
[BlackElo "1995"]
[PlyCount "180"]
[EventDate "1996.07.13"]
[EventType "swiss"]
[EventRounds "10"]
[EventCountry "CAN"]
[SourceDate "2003.08.17"]

1. e4 e6 2. Qe2 c5 3. f4 Nc6 4. Nf3 d6 5. b3 e5 6. fxe5 dxe5 7. Bb2 Bd6 8. Nc3
Bg4 9. Nd5 Nd4 10. Bxd4 cxd4 11. h3 Be6 12. c3 dxc3 13. dxc3 Nf6 14. Qb5+ Qd7
15. Qxd7+ Nxd7 16. Rd1 O-O-O 17. Ng5 Nc5 18. Bc4 h6 19. Nxe6 fxe6 20. Ne3 Nxe4
21. Bxe6+ Kb8 22. Nf5 Bc5 23. Rd5 g6 24. Ng7 Rxd5 25. Bxd5 Ng3 26. Ne6 Bb6 27.
Rf1 Nxf1 28. Kxf1 Rh7 29. Nf8 Rg7 30. Ke2 g5 31. Kd3 g4 32. hxg4 Rxg4 33. Bf3
Rg8 34. Nd7+ Kc7 35. Nxe5 Rd8+ 36. Kc2 Be3 37. Nc4 Bg5 38. a4 b6 39. b4 Rf8 40.
Nd2 Bxd2 41. Kxd2 Kd6 42. Ke3 Ke5 43. c4 Rf4 44. Kd3 Rd4+ 45. Kc3 Rh4 46. a5
Kd6 47. axb6 axb6 48. Kd3 Rh1 49. c5+ bxc5 50. bxc5+ Kxc5 51. Ke3 Kd6 52. Kf4
Ke6 53. Bg4+ Kf6 54. Bh3 Ra1 55. Bg4 Ra4+ 56. Kg3 Kg5 57. Bh3 Ra3+ 58. Kh2 Kf4
59. Bc8 Rg3 60. Bb7 Rg5 61. Bf3 Ke3 62. Kh3 Kf2 63. Kh4 Kg1 64. Kh3 Kh1 65. Kh4
Kh2 66. Bb7 Rb5 67. Bf3 Kg1 68. Kg3 Rg5+ 69. Kh3 Kf2 70. Kh4 Ke3 71. Kh3 Kf4
72. Kh2 Rc5 73. Kh3 Kg5 74. Kg3 Rc4 75. Bb7 Rh4 76. Bc8 Rh1 77. Bh3 h5 78. Kf3
h4 79. Ke4 Re1+ 80. Kf3 Rf1+ 81. Ke3 Kf6 82. Ke4 Ke7 83. Ke3 Kd6 84. Ke4 Kc5
85. Ke3 Kd5 86. Kd3 Ke5 87. Ke3 Rf7 88. Kd3 Kf4 89. Ke2 Kg3 90. Ke3 Rf2 0-1

[Event "CAN-op"]
[Site "Calgary CAN"]
[Date "1996.07.21"]
[Round "10"]
[White "Wu, Beatrice"]
[Black "Luyben, Norm"]
[Result "1-0"]
[WhiteElo "1836"]
[BlackElo "1712"]
[PlyCount "37"]
[EventDate "1996.07.13"]
[EventType "swiss"]
[EventRounds "10"]
[EventCountry "CAN"]
[SourceDate "2003.08.17"]

1. e4 g6 2. Nf3 Bg7 3. Bc4 c6 4. Nc3 a6 5. d4 e6 6. e5 f6 7. Ne4 Kf8 8. Nd6 b5
9. Bd3 Ne7 10. g4 h6 11. Nh4 g5 12. Qf3 gxh4 13. exf6 Nf5 14. fxg7+ Kxg7 15.
gxf5 Rf8 16. Rg1+ Kh8 17. Qh5 Qe7 18. Qxh6+ Qh7 19. Qxf8+ 1-0

[Event "Calgary closed"]
[Site "Calgary CAN"]
[Date "1996.??.??"]
[Round "?"]
[White "Fullbrook, Nigel"]
[Black "Frialde, Arniel"]
[Result "1-0"]
[WhiteElo "2258"]
[BlackElo "2270"]
[PlyCount "107"]
[EventDate "1996.??.??"]
[EventType "tourn"]
[EventRounds "7"]
[EventCountry "CAN"]
[SourceDate "2003.08.17"]

1. e4 g6 2. d4 Bg7 3. c4 Nc6 4. d5 Nd4 5. Nc3 c5 6. Be3 Qb6 7. Qd2 Nf6 8. f3 d6
9. Nge2 Nd7 10. O-O-O Nxe2+ 11. Bxe2 Qb4 12. Nb1 Qxd2+ 13. Nxd2 a6 14. a4 O-O
15. Kc2 Nb6 16. b3 Bd7 17. a5 Nc8 18. Nb1 b5 19. Nc3 Na7 20. Bd3 Rfb8 21. Rb1
e6 22. Bf4 Nc8 23. dxe6 fxe6 24. Rhd1 Rb7 25. e5 bxc4 26. bxc4 Rb4 27. exd6
Rab8 28. Be3 Bd4 29. Bxd4 cxd4 30. Rxb4 Rxb4 31. c5 dxc3 32. Bxa6 Na7 33. Kxc3
Ra4 34. Rb1 Rxa5 35. Rb8+ Kf7 36. Rb7 Rxa6 37. Rxd7+ Kf6 38. Rxh7 Nb5+ 39. Kd3
Nxd6 40. cxd6 Rxd6+ 41. Ke4 Rd2 42. g4 e5 43. h4 Rd4+ 44. Ke3 Ra4 45. Rb7 Ra3+
46. Kf2 e4 47. g5+ Ke5 48. Re7+ Kf5 49. Rxe4 Ra2+ 50. Kg3 Ra1 51. Rf4+ Ke5 52.
Rf6 Rg1+ 53. Kh2 Rf1 54. Kg2 1-0

[Event "Calgary closed"]
[Site "Calgary CAN"]
[Date "1995.??.??"]
[Round "?"]
[White "Milne, Arthur"]
[Black "Huber, Greg"]
[Result "0-1"]
[WhiteElo "2031"]
[BlackElo "2271"]
[PlyCount "164"]
[EventDate "1996.??.??"]
[EventType "tourn"]
[EventRounds "7"]
[EventCountry "CAN"]

1. c4 e6 2. Nf3 d5 3. e3 c5 4. cxd5 exd5 5. b3 Nf6 6. Bb2 Nc6 7. Be2 Bd6 8. O-O
O-O 9. d4 cxd4 10. Nxd4 Be6 11. Nxe6 fxe6 12. Nc3 Qd7 13. Nb5 Be7 14. Rc1 e5
15. f4 exf4 16. exf4 Rad8 17. Nd4 Nxd4 18. Bxd4 b6 19. Ba6 Ne4 20. Bd3 g6 21.
Qe2 Bc5 22. Bxc5 Nxc5 23. Bb5 Qd6 24. Qg4 Rf5 25. b4 Ne4 26. Rc6 Qf8 27. Rc7
Qxb4 28. Qh4 Nf6 29. Rxh7 Qc5+ 30. Rf2 Nxh7 31. Qxd8+ Rf8 32. Qd7 Rxf4 33. Qe6+
Kg7 34. Qd7+ Kh8 35. Qe8+ Rf8 36. Qe5+ Rf6 37. Qe8+ Nf8 38. Qe2 Ne6 39. Bd3 Kg7
40. Kf1 Qc1+ 41. Qe1 Qxe1+ 42. Kxe1 Rxf2 43. Kxf2 Kf6 44. Ke3 g5 45. g3 Ke5 46.
h4 gxh4 47. gxh4 d4+ 48. Kf3 Nf4 49. Bc2 b5 50. Bb3 a5 51. Bf7 Nd3 52. h5 Nc5
53. Ke2 Kf6 54. Be8 b4 55. Kd2 Kg5 56. Kc2 a4 57. Bxa4 Kxh5 58. Bb5 Kg5 59. Bc4
Kf4 60. Bf1 Ke5 61. Bc4 Kd6 62. Kd2 Kc6 63. Bf7 Kb5 64. Be8+ Kc4 65. Bf7+ Kb5
66. Be8+ Ka5 67. Kc2 Kb6 68. Kd2 Ne6 69. Kd3 Kc5 70. Bf7 Nf4+ 71. Ke4 Nh3 72.
Kd3 Nf2+ 73. Ke2 Ng4 74. Be6 Ne5 75. Kd2 Kb5 76. Bb3 Nd7 77. Bd1 Nc5 78. Bc2
Kc4 79. Bg6 d3 80. Bf7+ Kd4 81. Bh5 Ne4+ 82. Kc1 Kc3 0-1

[Event "Calgary op"]
[Site "Calgary CAN"]
[Date "1996.06.01"]
[Round "7"]
[White "Watson, Walter"]
[Black "Fegyverneki, Barney"]
[Result "1-0"]
[WhiteElo "2059"]
[BlackElo "2039"]
[PlyCount "87"]
[EventDate "1996.04.20"]
[EventType "swiss"]
[EventRounds "7"]
[EventCountry "CAN"]

1. Nf3 Nf6 2. d4 e6 3. c4 c5 4. d5 exd5 5. cxd5 d6 6. Nc3 g6 7. Bg5 Bg7 8. Qd2
O-O 9. Bh6 Re8 10. Bxg7 Kxg7 11. g3 a6 12. a4 Qa5 13. h4 h5 14. Bg2 b5 15. Ng5
Bf5 16. O-O b4 17. Nd1 Bc8 18. Ne3 Qc7 19. Nc4 Nbd7 20. b3 a5 21. Rfe1 Ne5 22.
Rac1 Ba6 23. Nxe5 Rxe5 24. e4 Rd8 25. f4 Ree8 26. Qb2 Qb6 27. Kh1 Bb7 28. Nh7
Kxh7 29. Qxf6 Qc7 30. f5 Qe7 31. fxg6+ fxg6 32. Qxe7+ Rxe7 33. e5 Rde8 34. e6
Rf8 35. Rf1 Rxf1+ 36. Rxf1 Kg7 37. Rf4 Rc7 38. Be4 Ba6 39. g4 Be2 40. g5 Kh7
41. Rf6 Rg7 42. Bxg6+ Kg8 43. Bf7+ Kh8 44. e7 1-0

[Event "Canada Day op"]
[Site "Toronto CAN"]
[Date "1996.06.28"]
[Round "1"]
[White "Southam, Todd"]
[Black "Veltmann, Martin"]
[Result "1-0"]
[WhiteElo "2392"]
[BlackElo "2157"]
[PlyCount "59"]
[EventDate "1996.06.28"]
[EventType "swiss"]
[EventRounds "5"]
[EventCountry "CAN"]

1. d4 Nf6 2. c4 g6 3. Nf3 Bg7 4. Nc3 O-O 5. e4 d6 6. Be2 e5 7. O-O Nc6 8. d5
Ne7 9. Nd2 Ne8 10. b4 f5 11. c5 Nf6 12. f3 Bh6 13. Nc4 Bxc1 14. Rxc1 a6 15. Qb3
Kh8 16. b5 fxe4 17. fxe4 axb5 18. Qxb5 Neg8 19. Qb4 Bg4 20. Bd3 Nh5 21. Rxf8
Qxf8 22. cxd6 Qh6 23. Re1 Nf4 24. Bf1 Qg5 25. Qb2 Rf8 26. Nb5 Nh3+ 27. gxh3
Be2+ 28. Bg2 Bxc4 29. Nxc7 Bd3 30. Ne6 1-0

[Event "Canada Day op"]
[Site "Toronto CAN"]
[Date "1996.06.28"]
[Round "1"]
[White "Veltmann, Alfred"]
[Black "Bergeron, Florian"]
[Result "0-1"]
[WhiteElo "1928"]
[BlackElo "2092"]
[PlyCount "93"]
[EventDate "1996.06.28"]
[EventType "swiss"]
[EventRounds "5"]
[EventCountry "CAN"]

1. e4 Nf6 2. e5 Nd5 3. d4 d6 4. Nf3 Bg4 5. c4 Nb6 6. b3 dxe5 7. dxe5 Qxd1+ 8.
Kxd1 Nc6 9. Bb2 O-O-O+ 10. Nbd2 e6 11. Kc1 Bc5 12. Ne4 Bd4 13. Nxd4 Nxd4 14. f3
Bf5 15. Bc3 Nc6 16. Ng5 Bg6 17. Be2 h6 18. Nh3 Nd7 19. f4 Nc5 20. Nf2 Nd4 21.
Bxd4 Rxd4 22. g3 Rhd8 23. Rd1 Rxd1+ 24. Bxd1 Nd3+ 25. Nxd3 Rxd3 26. Be2 Rc3+
27. Kd2 Rc2+ 28. Ke3 a5 29. h4 Rc3+ 30. Kf2 Rc2 31. Ke3 Rb2 32. g4 Bb1 33. g5
hxg5 34. hxg5 Bxa2 35. g6 fxg6 36. Rg1 Rxb3+ 37. Kd4 Bb1 38. c5 Bf5 39. Ra1 b6
40. c6 Rb4+ 41. Kc3 Rb1 42. Ra2 Rg1 43. Rd2 Rc1+ 44. Kb3 Rxc6 45. Ba6+ Kb8 46.
Rd8+ Ka7 47. Be2 0-1

[Event "Canada Day op"]
[Site "Toronto CAN"]
[Date "1996.06.29"]
[Round "2"]
[White "Fleischmann, Michael"]
[Black "Veltmann, Alfred"]
[Result "1-0"]
[WhiteElo "1733"]
[BlackElo "1928"]
[Annotator ",Hugh"]
[PlyCount "63"]
[EventDate "1996.06.28"]
[EventType "swiss"]
[EventRounds "5"]
[EventCountry "CAN"]

1. e4 e5 2. f4 exf4 3. Nf3 Nf6 4. e5 Nh5 5. Bc4 d6 6. O-O d5 7. Be2 Bg4 8. d4
g5 9. Nbd2 Nc6 10. c4 Be7 11. Nxg5 Bxe2 12. Qxe2 Bxg5 13. Qxh5 Nxd4 14. cxd5 h6
15. h4 Nc2 16. Rb1 Qxd5 17. hxg5 Ne3 18. Rf2 O-O-O 19. gxh6 Rdg8 20. Qf3 Qxe5
21. Qh3+ Kb8 22. Nf1 Ng4 23. Bxf4 Nxf2 24. Bxe5 Nxh3+ 25. Kh2 Rxh6 26. gxh3 Re8
27. Bc3 Re2+ 28. Kg3 Ree6 29. Re1 Reg6+ 30. Kh2 Kc8 31. Ng3 Rh7 32. Nf5 {etc.}
1-0

[Event "Canada Day op"]
[Site "Toronto CAN"]
[Date "1996.06.29"]
[Round "2"]
[White "Veltmann, Martin"]
[Black "Mathews, Isaac"]
[Result "1-0"]
[WhiteElo "2157"]
[BlackElo "2002"]
[PlyCount "49"]
[EventDate "1996.06.28"]
[EventType "swiss"]
[EventRounds "5"]
[EventCountry "CAN"]

1. c4 e5 2. Nc3 Nf6 3. g3 d5 4. cxd5 Nxd5 5. Bg2 Nb6 6. Nf3 Nc6 7. O-O Be6 8.
d3 f6 9. a3 a5 10. Be3 Nd5 11. Nxd5 Bxd5 12. Qa4 Be7 13. Rac1 O-O 14. Bc5 Bxc5
15. Rxc5 Qd6 16. Rfc1 Rad8 17. Nd2 Bxg2 18. Kxg2 Qd4 19. Qb5 Rb8 20. Ne4 Rfd8
21. Qb3+ Kh8 22. Rb5 a4 23. Qf7 Rd7 24. Qh5 Rd5 25. Rxb7 1-0

[Event "Canada Day op"]
[Site "Toronto CAN"]
[Date "1996.06.29"]
[Round "3"]
[White "Nadeau, Richard"]
[Black "Veltmann, Alfred"]
[Result "1/2-1/2"]
[WhiteElo "1713"]
[BlackElo "1928"]
[PlyCount "86"]
[EventDate "1996.06.28"]
[EventType "swiss"]
[EventRounds "5"]
[EventCountry "CAN"]

1. e4 e5 2. Nc3 Nc6 3. f4 d6 4. Nf3 Bg4 5. Bc4 Nf6 6. O-O Nd4 7. Be2 Nxe2+ 8.
Qxe2 c6 9. h3 Bxf3 10. Qxf3 Be7 11. d3 Qb6+ 12. Kh1 O-O-O 13. fxe5 dxe5 14.
Qf5+ Nd7 15. a3 Qd4 16. Ne2 Qd6 17. Bg5 f6 18. Be3 Kb8 19. Qf2 b5 20. Rfb1 Qc7
21. a4 Rhg8 22. a5 g5 23. Bd2 a6 24. Be3 Kb7 25. d4 Rc8 26. Qe1 Bd6 27. Rd1 Rg7
28. Nc1 exd4 29. Bxd4 Be5 30. Nb3 Re8 31. Rd3 f5 32. Bxe5 Rxe5 33. Rad1 Rxe4
34. Qf2 Ree7 35. Rxd7 Rxd7 36. Rxd7 Rxd7 37. Nc5+ Kc8 38. Nxd7 Qxd7 39. Qb6 Qb7
40. Qc5 g4 41. Qf8+ Kc7 42. Qg7+ Kb8 43. Qh8+ Ka7 1/2-1/2

[Event "Canada Day op"]
[Site "Toronto CAN"]
[Date "1996.06.29"]
[Round "3"]
[White "Veltmann, Martin"]
[Black "Ristovic, Nenad"]
[Result "0-1"]
[WhiteElo "2157"]
[BlackElo "2281"]
[PlyCount "86"]
[EventDate "1996.06.28"]
[EventType "swiss"]
[EventRounds "5"]
[EventCountry "CAN"]

1. c4 c6 2. d4 d5 3. Nc3 e6 4. e3 Nf6 5. Nf3 Nbd7 6. Bd3 dxc4 7. Bxc4 b5 8. Bd3
Bb7 9. O-O a6 10. e4 c5 11. d5 c4 12. Bc2 Qc7 13. dxe6 fxe6 14. Ng5 Nc5 15. e5
Qxe5 16. Re1 Qd6 17. Qe2 Qc6 18. f3 Be7 19. b4 cxb3 20. axb3 O-O 21. b4 Ncd7
22. Bb3 Qxc3 23. Bxe6+ Kh8 24. Bb2 Qxb4 25. Bxd7 Bc5+ 26. Kh1 Qh4 27. Ne6 Bd6
28. Be5 Bxe5 29. Qxe5 Rf7 30. Nc5 Nxd7 31. Nxd7 h6 32. Nc5 Qf6 33. Qh5 Bc8 34.
Rad1 Bf5 35. Ne4 Qg6 36. Qh4 Bxe4 37. fxe4 Raf8 38. e5 Rf4 39. Qg3 Rg4 40. Qh3
Rf2 41. g3 Re4 42. Rd8+ Kh7 43. Red1 Rxe5 0-1

[Event "Canada Day op"]
[Site "Toronto CAN"]
[Date "1996.06.30"]
[Round "4"]
[White "Ruiz, Richard"]
[Black "Veltmann, Martin"]
[Result "0-1"]
[WhiteElo "1948"]
[BlackElo "2157"]
[Annotator ",Hugh"]
[PlyCount "148"]
[EventDate "1996.06.28"]
[EventType "swiss"]
[EventRounds "5"]
[EventCountry "CAN"]

1. f4 d5 2. Nf3 c5 3. e3 Nc6 4. Be2 e6 5. O-O Bd6 6. d3 Nf6 7. Nbd2 O-O 8. c3
b5 9. d4 c4 10. Ne5 Bb7 11. Qe1 Nd7 12. a4 b4 13. Bf3 f6 14. Nxc6 Bxc6 15. Nxc4
Nb6 16. Nxd6 Qxd6 17. a5 Nd7 18. cxb4 Rab8 19. Bd2 e5 20. Bg4 exd4 21. exd4
Rbe8 22. Qg3 f5 23. Bf3 Nf6 24. Rae1 Ne4 25. Bxe4 dxe4 26. Bc3 Qd5 27. Re3 Re6
28. Qg5 h6 29. Qh4 Kh7 30. Rfe1 g5 31. Qf2 Rg6 32. fxg5 f4 33. Rxe4 Qxg5 34.
Re7+ Kg8 35. R7e4 Bxe4 36. Rxe4 f3 37. g3 h5 38. Re5 Qg4 39. Be1 h4 40. Qd2
hxg3 41. hxg3 f2+ 42. Bxf2 Qh3 43. Rg5 Qh6 44. Rxg6+ Qxg6 45. Qe2 Rc8 46. d5
Re8 47. Qc4 Qb1+ 48. Kg2 Qe4+ 49. Qxe4 Rxe4 50. Bc5 a6 51. Kf3 Rc4 52. g4 Kf7
53. b3 Rc3+ 54. Kf4 Rxb3 55. Ke5 Rg3 56. Kd6 Rxg4 57. Kc6 Rg6+ 58. d6 Ke8 59.
Kb7 Kd7 60. Kb6 Rg8 61. Kxa6 Kc6 62. d7 Rd8 63. Bf2 Rxd7 64. b5+ Kc7 65. Bg3+
Kc8 66. b6 Rg7 67. Bh2 Rh7 68. Bd6 Rd7 69. Bc5 Rh7 70. Kb5 Rh6 71. Be3 Re6 72.
Bf4 Rf6 73. Bc7 Rf5+ 74. Kc6 Rf6+ {Time?} 0-1

[Event "Canada Day op"]
[Site "Toronto CAN"]
[Date "1996.06.30"]
[Round "4"]
[White "Veltmann, Alfred"]
[Black "Imai, Toshio"]
[Result "1-0"]
[WhiteElo "1928"]
[BlackElo "1747"]
[PlyCount "119"]
[EventDate "1996.06.28"]
[EventType "swiss"]
[EventRounds "5"]
[EventCountry "CAN"]

1. e4 e5 2. Nf3 Nc6 3. Bb5 Bc5 4. O-O Nd4 5. Bc4 Nxf3+ 6. Qxf3 Nf6 7. h3 c6 8.
Nc3 d6 9. d3 Be6 10. Bb3 Bb6 11. Bg5 Qe7 12. Na4 Bc7 13. c4 h6 14. Be3 g5 15.
Qe2 g4 16. h4 g3 17. fxg3 Ng4 18. c5 Nxe3 19. Qxe3 Bxb3 20. axb3 dxc5 21. Qxc5
Bd6 22. Qf2 Rf8 23. Qf6 h5 24. Qxe7+ Kxe7 25. Rf5 Rh8 26. Raf1 Raf8 27. Kh2 Rh6
28. Nc3 f6 29. Ne2 Rg8 30. Kh3 Bc5 31. Rc1 Be3 32. Rd1 Rd8 33. Rf3 Bb6 34. g4
hxg4+ 35. Kxg4 Rg8+ 36. Kh3 Rhg6 37. Rg3 Bf2 38. Rxg6 Rxg6 39. g4 Rh6 40. Ng3
Bxg3 41. Kxg3 Rh8 42. Rf1 Rd8 43. Rf3 Rd4 44. g5 fxg5 45. hxg5 Rd6 46. Kg4 Rg6
47. Kh5 Rg8 48. g6 Rh8+ 49. Kg5 Rh2 50. Rf7+ Kd6 51. Rxb7 Rxb2 52. g7 a5 53.
Rb8 Rg2+ 54. Kh6 Rh2+ 55. Kg6 Rg2+ 56. Kf7 Rf2+ 57. Ke8 Rg2 58. Rb7 Kc5 59. Kf8
Rf2+ 60. Rf7 1-0